Sports Quiz

Random Sports or Year Quiz

NBA All-Star Vote Leaders Quiz Stats

 Plays Quiz Updated Mar 1, 2021

     
Support Sporcle.
Go Orange.
Score 0/47 Timer 07:00
19 Plays Today
Year Player % Correct
1999None (Lockout)
99.9%
2021LeBron James
98.9%
2020LeBron James
98.8%
2019LeBron James
98.6%
2014LeBron James
98.4%
2017LeBron James
98.4%
2018LeBron James
98.4%
2010LeBron James
98.4%
2007LeBron James
98.4%
1998Michael Jordan
96.2%
1997Michael Jordan
96.2%
1993Michael Jordan
96.2%
1992Michael Jordan
96.2%
1991Michael Jordan
96.2%
1990Michael Jordan
96.2%
1989Michael Jordan
96.2%
1988Michael Jordan
96.2%
1987Michael Jordan
96.2%
2011Kobe Bryant
93.6%
2003Kobe Bryant
93.6%
2013Kobe Bryant
93.4%
2016Kobe Bryant
93.4%
2015Stephen Curry
89.2%
1986Magic Johnson
82.5%
Year Player % Correct
1985Magic Johnson
82.5%
1984Moses Malone
62.7%
2008Kevin Garnett
57.6%
1983Julius Erving
51.5%
1982Julius Erving
51.5%
1981Julius Erving
51.5%
1978Julius Erving
51.5%
2004Vince Carter
50.5%
2002Vince Carter
50.5%
2001Vince Carter
50.5%
2000Vince Carter
50.5%
1994Charles Barkley
49.9%
2006Yao Ming
47.5%
2005Yao Ming
47.5%
2012Dwight Howard
47.1%
2009Dwight Howard
47.1%
1980George Gervin
24.3%
1979George Gervin
24.3%
1996Grant Hill
24.2%
1995Grant Hill
24.2%
1976Rick Barry
19%
1977David Thompson
16.9%
1975Bob McAdoo
15.1%

From the Vault

Top 10 Artists Each Year (1980s)

by jmsr525

Music 10m
As far as we're concerned, Hall & Oates won the '80s.
Remove Ads.
Support Sporcle.
Get the best of Sporcle when you Go Orange. This ad-free experience offers more features, more stats, and more fun while also helping to support Sporcle. Thank you for becoming a member.

Show Comments

Extras

Top Quizzes Today


Score Distribution

Your Account Isn't Verified!

In order to create a playlist on Sporcle, you need to verify the email address you used during registration. Go to your Sporcle Settings to finish the process.

Report this User

Report this user for behavior that violates our Community Guidelines.

Details: